000 00683nam a22002537a 4500
003 UA-OsUOA
001 28443
007 ta
008 20050324b un ||||| |||| 00| 0 ukr d
090 _a32(031)(038)
_bП50
942 _cBK
040 _aUA-OsUOA
_bukr
_cUA-OsUOA
_dUA-OsUOA
245 _aПолітологічний енциклопедичний словник
_cЮ. С.Шемшученко
300 _a736 с.
955 _a2
041 _aukr
080 _a32(031)(038)
020 _a966-504-244-0
260 _aК.
_bГенеза
_c1997
044 _aUA
250 _n2-е вид., випр. і доп.
650 7 _a32 Політика
_2UDC
999 _c314810
_d314810